HUMAN ANATOMY AND PHYSIOLOGY (Record no. 1219827)

MARC details
000 -LEADER
fixed length control field 00430nam a2200169Ia 4500
008 - FIXED-LENGTH DATA ELEMENTS--GENERAL INFORMATION
fixed length control field 260407s2025 xx 000 0 und d
041 ## - LANGUAGE CODE
Language code of text/sound track or separate title eng
082 ## - DEWEY DECIMAL CLASSIFICATION NUMBER
Classification number 612/BHI
Item number 12335
100 ## - MAIN ENTRY--PERSONAL NAME
Personal name DR. S.B. BHISE
245 ## - TITLE STATEMENT
Title HUMAN ANATOMY AND PHYSIOLOGY
250 ## - EDITION STATEMENT
Edition statement 13TH
260 ## - PUBLICATION, DISTRIBUTION, ETC.
Place of publication, distribution, etc. PUNE
Name of publisher, distributor, etc. NIRALI PRAKASHAN
Date of publication, distribution, etc. 2025
300 ## - PHYSICAL DESCRIPTION
Extent 9.24p
650 ## - SUBJECT ADDED ENTRY--TOPICAL TERM
Topical term or geographic name entry element HUMAN ANATOMY AND PHYSIOLOGY
650 ## - SUBJECT ADDED ENTRY--TOPICAL TERM
Topical term or geographic name entry element PHARMACOLOGY
700 ## - ADDED ENTRY--PERSONAL NAME
Personal name DR.AV. YADAV
Holdings
Withdrawn status Lost status Damaged status Not for loan Home library Current library Date acquired Cost, normal purchase price Total Checkouts Full call number Barcode Date last seen Price effective from Koha item type
        College of Pharmacy, Kolhapur College of Pharmacy, Kolhapur 08/04/2026 180.00   612/BHI/12335 PCK-12335 08/04/2026 08/04/2026 Book